000 00330nam a2200121Ia 4500
008 240624s9999 xx 000 0 und d
041 _aeng
082 _a658.404 BRU
100 _aBURKE RORY
245 _aPROJECT MANAGEMENT PLANNING AND CONTROL
260 _c2004
_aSingapore
_bJohn Wiley & Sons
300 _aix, : 373 : p. : cm. ; 22
999 _c5259
_d5259